000
00329nam a2200145Ia 4500
999
_c
14178
_d
14178
003
OSt
005
20260413124406.0
008
260210s9999 xx 000 0 und d
020
_a
9788181820371
082
_a
711.40934
100
_a
Kaushik
245
0
_a
Ancient Indian Town Planning
260
_b
Circle
942
_c
BPLAN
_2
ddc